The ancestral mind : reclaim the power /

Bibliographic Details
Main Author: Jacobs, Gregg D
Format: Book
Published: New York: Penguin Group (USA) Inc, 2003.
Subjects:
LEADER 00608cam a2200217 7i4500
001 0000018499
005 20151104090000.0
005 ##20151104121700.0
003 ##MY-KlINT
020 # # |a 0670032174  
039 # 9 |y 201511041217  |z VLOAD 
090 0 0 |a 616.08   |b JAC 
100 1 # |a Jacobs, Gregg D 
245 1 4 |a The ancestral mind :   |b reclaim the power /   |c by Gregg D Jacobs. 
260 # # |a New York:   |b Penguin Group (USA) Inc,   |c 2003. 
300 # # |a 242p.;   |c 24cm. 
500 # # |a Includes index 
650 # 0 |a Mind and body  
650 # 0 |a Stress management  
650 # 0 |a Mind and body therapies  
650 # 0 |a Medicine, psychosomatic